| 000 | 00761nas a2200265 4500 | ||
|---|---|---|---|
| 001 | BR7307616 | ||
| 003 | BR-BrBNA | ||
| 005 | 20231205100259.0 | ||
| 007 | ta | ||
| 008 | 230509b bl.|||p| |||| 00| 00por d | ||
| 040 |
_aBR-BrBNA _bpor _cBiblioteca Nacional de Agricultura |
||
| 041 | _a(Pt) | ||
| 072 | _aF22 | ||
| 100 | 1 | _aLima, F. de A.M. | |
| 100 | 1 | _aBarros, L. de M. | |
| 100 | 1 | _aCruz, A. | |
| 245 | 1 | _aUm novo metodo para determinacao de densidade aparente em solos | |
| 650 | _aQuimica do Solo | ||
| 650 | _aEstrutura do Solo | ||
| 650 | _aSolo | ||
| 650 | _aCeara | ||
| 773 | 0 |
_tPesquisas Agropecuarias no Nordeste (Brazil) _x _g(Jul 1973), v. 5(2) p. 85-86 _wBR7307616 |
|
| 909 |
_a202311 _bLúcia _c55 _dLúcia Elande |
||
| 942 |
_2AGRIS _n0 _cANA |
||
| 999 |
_c155126 _d155126 |
||